| 000 | 01062nam a2200277 a 4500 | ||
|---|---|---|---|
| 001 | 78550 | ||
| 003 | BD-RjUL | ||
| 005 | 20211209083136.0 | ||
| 008 | 211004s2005 bg a|||| m||| 00| 0 eng d | ||
| 035 | _a(BD-RjUL)78776 | ||
| 040 |
_aBD-RjUL _beng _cBD-RjUL _dBD-RjUL |
||
| 041 | _aeng | ||
| 082 |
_a155.8 _bHOS 2005 _223 |
||
| 100 |
_aHossain, Md. Amzad _9248849 |
||
| 245 | 1 | 2 |
_aA study on Minority influence in the context of Majority-Minority intergroup relations in Bangladesh / _cby Md. Amzad Hossain ; _6Supervisor : M. Mozammel Huq |
| 260 |
_aRajshahi : _bDepartment of Psychology, University of Rajshahi, _c2005 |
||
| 300 |
_axiii, 211 Leaves : _bill ; _c29 cm. |
||
| 502 | _aThesis (Ph. D) -- Department of Psychology, University of Rajshahi, 2005 | ||
| 504 | _aReferences : Leaves 179-198 | ||
| 650 |
_a Minorities _zBangladesh _xPsychology _9248987 |
||
| 650 |
_aEthnoPsychology _9248988 |
||
| 650 |
_aInfluence (Psychology) _9248989 |
||
| 650 |
_aSocial conflict _9248990 |
||
| 700 |
_aHuq, M. Mozammel, Supervisor _9248851 |
||
| 942 |
_2ddc _cTHE |
||
| 999 |
_c78550 _d78550 |
||